Tiêu chuẩn Việt Nam : Tiêu chuẩn gạch ốp lát

Đây là Tiêu chuẩn Việt Nam về các loại gạch ốp lát: yêu cầu kỹ thuật của gạch granit, gạch ốp lát có độ hút nước thấp; xác định độ chịu mài mòn sâu cho gạch không phủ men; nguyên liệu để sản xuất gốm xây dựng - thạch anh; định nghĩa, pha...

Fuld beskrivelse

Đã lưu trong:
Bibliografiske detaljer
Format: Bog
Sprog:Undetermined
Udgivet: Hà Nội Xây dựng 2003
Fag:
Tags: Tilføj Tag
Ingen Tags, Vær først til at tagge denne postø!
Thư viện lưu trữ: Trung tâm Học liệu Trường Đại học Cần Thơ
LEADER 00995nam a2200205Ia 4500
001 CTU_60634
008 210402s9999 xx 000 0 und d
020 |b 9000 
020 |c 9000 
082 |a 691 
082 |b T309 
245 0 |a Tiêu chuẩn Việt Nam : 
245 0 |b Tiêu chuẩn gạch ốp lát 
260 |a Hà Nội 
260 |b Xây dựng 
260 |c 2003 
520 |a Đây là Tiêu chuẩn Việt Nam về các loại gạch ốp lát: yêu cầu kỹ thuật của gạch granit, gạch ốp lát có độ hút nước thấp; xác định độ chịu mài mòn sâu cho gạch không phủ men; nguyên liệu để sản xuất gốm xây dựng - thạch anh; định nghĩa, phân loại, đặc tính kỹ htuật và cách ghi nhãn gạch gốm ốp lát.... 
650 |a Building materials 
904 |i Minh, Năm 
980 |a Trung tâm Học liệu Trường Đại học Cần Thơ